[Event "Oberliga Ost A 2023 2024"]
[Site "?"]
[Date "2024.02.25"]
[Round "7.5"]
[Board "5"]
[White "Just, Wolfgang"]
[Black "Roesemann, Rainer"]
[Result "1/2-1/2"]
[WhiteElo "2065"]
[BlackElo "2237"]
[PlyCount "94"]
[EventDate "2023.10.22"]
[EventType "team-tourn"]
[EventCountry "GER"]
[WhiteTeam "Leipzig VfB"]
[BlackTeam "Leipzig SG"]
[WhiteTeamCountry "GER"]
[BlackTeamCountry "GER"]

1. e4 c6 2. d4 d5 3. Nc3 dxe4 4. Nxe4 Nf6 5. Nxf6+ exf6 6. Nf3 Bd6 7. Be2 O-O 8. O-O Re8 9. Re1 Nd7 10. Bd2 Nf8 11. c3 Be6 12. Qc2 Bc7 13. Bf1 Ng6 14. g3 h5 15. Bg2 Qd6 16. c4 Rad8 17. a3 h4 18. Bb4 Qd7 19. Rad1 hxg3 20. hxg3 Bf5 21. Rxe8+ Rxe8 22. Qd2 Be4 23. Ne1 Bxg2 24. Nxg2 Qg4 25. Qd3 f5 26. Re1 Rxe1+ 27. Bxe1 f4 28. Qe4 Qd7 29. gxf4 Bxf4 30. Nxf4 Qg4+ 31. Qg2 Qxf4 32. Bc3 Qc1+ 33. Kh2 Qh6+ 34. Kg1 Nf4 35. Qg4 Ne6 36. Kf1 Qh7 37. Ke2 Qc2+ 38. Ke3 f5 39. Qh4 f4+ 40. Kf3 Qd3+ 41. Kg4 Qxc4 42. Qe7 Qe2+ 43. f3 g6 44. Qe8+ Kh7 45. Qe7+ Kg8 46. Qe8+ Kh7 47. Qe7+ Kg8 1/2-1/2

[Event "Oberliga Ost A 2023 2024"]
[Site "?"]
[Date "2024.02.25"]
[Round "7.5"]
[Board "6"]
[White "Kalkhof, Stefan"]
[Black "Bauer, Timon"]
[Result "1-0"]
[WhiteElo "2227"]
[BlackElo "1903"]
[PlyCount "85"]
[EventDate "2023.10.22"]
[EventType "team-tourn"]
[EventCountry "GER"]
[WhiteTeam "Leipzig SG"]
[BlackTeam "Leipzig VfB"]
[WhiteTeamCountry "GER"]
[BlackTeamCountry "GER"]

1. Nf3 Nf6 2. c4 g6 3. Nc3 Bg7 4. g3 O-O 5. Bg2 c5 6. O-O Nc6 7. e3 d6 8. a3 Be6 9. d3 Qc8 10. Ng5 Bf5 11. Re1 Rb8 12. Nd5 Re8 13. Rb1 Ne5 14. Nxf6+ Bxf6 15. Ne4 Bg7 16. f4 Bg4 17. Qc2 Nf3+ 18. Bxf3 Bxf3 19. b4 Rd8 20. Bb2 Bxb2 21. Rxb2 b6 22. Ng5 Bb7 23. e4 e5 24. Qf2 f6 25. Nf3 exf4 26. gxf4 Qg4+ 27. Qg3 Qxg3+ 28. hxg3 Re8 29. Kf2 Kg7 30. g4 h6 31. f5 g5 32. Ra1 Bc6 33. a4 Re7 34. bxc5 dxc5 35. Ke3 Rbb7 36. Ng1 Rb8 37. Ne2 Rd8 38. Nc3 Rdd7 39. a5 bxa5 40. Rxa5 Re5 41. Rba2 h5 42. gxh5 Kh6 43. Ra6 1-0

[Event "Oberliga Ost A 2023 2024"]
[Site "?"]
[Date "2024.02.25"]
[Round "7.5"]
[Board "7"]
[White "Alvermann, Christian"]
[Black "Rausch, Stephan"]
[Result "0-1"]
[WhiteElo "1753"]
[BlackElo "2259"]
[PlyCount "82"]
[EventDate "2023.10.22"]
[EventType "team-tourn"]
[EventCountry "GER"]
[WhiteTeam "Leipzig VfB"]
[BlackTeam "Leipzig SG"]
[WhiteTeamCountry "GER"]
[BlackTeamCountry "GER"]

1. e4 e6 2. d3 d5 3. Nd2 Nf6 4. Ngf3 Nc6 5. g3 dxe4 6. dxe4 e5 7. Bg2 Bc5 8. O-O O-O 9. Qe2 Qe7 10. c3 a5 11. Nc4 Rd8 12. Bg5 h6 13. Bxf6 Qxf6 14. Ne3 Bxe3 15. Qxe3 b6 16. Nh4 Ba6 17. Rfd1 Rxd1+ 18. Rxd1 Rd8 19. Rd2 Bc4 20. b3 Be6 21. Bf1 Qe7 22. Bb5 Rxd2 23. Qxd2 Qc5 24. Be2 b5 25. Nf3 Bg4 26. Kg2 b4 27. Bc4 Bxf3+ 28. Kxf3 bxc3 29. Qxc3 Nd4+ 30. Kg2 Kf8 31. a4 Ke7 32. Qd2 Qb6 33. Qd3 Qb4 34. f4 Qc5 35. Qd2 f6 36. f5 Qc6 37. Bd5 Qc2 38. Qxc2 Nxc2 39. Kf2 Kd6 40. Ke2 Kc5 41. Kd2 Nb4 0-1

[Event "Oberliga Ost A 2023 2024"]
[Site "?"]
[Date "2024.02.25"]
[Round "7.5"]
[Board "8"]
[White "Pietzsch, Manuel"]
[Black "Dehner, Christian"]
[Result "0-1"]
[WhiteElo "2077"]
[BlackElo "1714"]
[PlyCount "126"]
[EventDate "2023.10.22"]
[EventType "team-tourn"]
[EventCountry "GER"]
[WhiteTeam "Leipzig SG"]
[BlackTeam "Leipzig VfB"]
[WhiteTeamCountry "GER"]
[BlackTeamCountry "GER"]

1. e4 d6 2. d4 Nf6 3. Nc3 g6 4. Be3 c6 5. f3 Nbd7 6. g4 b5 7. g5 Nh5 8. Qd2 Bg7 9. f4 Qa5 10. Nf3 b4 11. Ne2 Rb8 12. Ng3 Nxg3 13. hxg3 c5 14. b3 Bb7 15. Bd3 f5 16. gxf6 Nxf6 17. Ng5 Ng4 18. Ne6 Bf6 19. Bb5+ Kf7 20. Bc4 Ke8 21. Bb5+ Kf7 22. Bc4 Ke8 23. Bd5 Bxd5 24. exd5 Nxe3 25. Qxe3 cxd4 26. Qe4 Rb5 27. O-O Kd7 28. Rad1 Rxd5 29. Rd2 Rc8 30. Rfd1 Rc3 31. Nxd4 Rxd4 32. Rxd4 Bxd4+ 33. Rxd4 Qc5 34. Qb7+ Ke8 35. Qxb4 Qxb4 36. Rxb4 Rxc2 37. Ra4 Kf7 38. Rxa7 Kf6 39. b4 Rb2 40. a3 h5 41. Ra5 e5 42. Rb5 Kf5 43. fxe5 dxe5 44. a4 g5 45. a5 Ra2 46. Rc5 Ke4 47. Rc3 h4 48. gxh4 gxh4 49. Rb3 Kd4 50. b5 Rxa5 51. b6 Ra8 52. b7 Rb8 53. Kg2 e4 54. Rb4+ Ke3 55. Rb3+ Kf4 56. Rb4 h3+ 57. Kf2 h2 58. Kg2 h1=Q+ 59. Kxh1 Kf3 60. Kg1 e3 61. Kf1 Rh8 62. Kg1 Rg8+ 63. Kf1 e2+ 0-1

[Event "Oberliga Ost A 2023 2024"]
[Site "?"]
[Date "2024.02.25"]
[Round "7.6"]
[Board "1"]
[White "Post, Hugo"]
[Black "Henning, Marvin"]
[Result "1-0"]
[WhiteElo "2202"]
[BlackElo "2106"]
[PlyCount "63"]
[EventDate "2023.10.22"]
[EventType "team-tourn"]
[EventCountry "GER"]
[WhiteTeam "Loeberitz SG"]
[BlackTeam "Leipzig SG II"]
[WhiteTeamCountry "GER"]
[BlackTeamCountry "GER"]

1. e4 e5 2. Nf3 Nf6 3. Nxe5 d6 4. Nf3 Nxe4 5. d4 d5 6. Bd3 Be7 7. Nc3 Nxc3 8. bxc3 O-O 9. O-O Nd7 10. Re1 Re8 11. Bf4 Nf8 12. Ne5 Ng6 13. Qh5 Be6 14. Bg3 Nf8 15. f4 g6 16. Qh6 Bf6 17. f5 gxf5 18. Qh5 Ng6 19. Bxf5 Bxf5 20. Qxf5 Bxe5 21. dxe5 Re6 22. Rad1 c6 23. Rd4 Qf8 24. h4 Ne7 25. Qf3 Re8 26. h5 Kh8 27. Rf4 f5 28. Bh4 h6 29. Bf6+ Kh7 30. Rxf5 Ng8 31. Qd3 Qc5+ 32. Rf2# 1-0

[Event "Oberliga Ost A 2023 2024"]
[Site "?"]
[Date "2024.02.25"]
[Round "7.6"]
[Board "2"]
[White "Schiffer, Stefan"]
[Black "Schuetze, Norman"]
[Result "1/2-1/2"]
[WhiteElo "2201"]
[BlackElo "2253"]
[PlyCount "103"]
[EventDate "2023.10.22"]
[EventType "team-tourn"]
[EventCountry "GER"]
[WhiteTeam "Leipzig SG II"]
[BlackTeam "Loeberitz SG"]
[WhiteTeamCountry "GER"]
[BlackTeamCountry "GER"]

1. e4 e5 2. Nf3 Nc6 3. Bb5 a6 4. Ba4 d6 5. c3 f5 6. exf5 Bxf5 7. O-O Bd3 8. Re1 Be7 9. Bc2 Bxc2 10. Qxc2 Qd7 11. d4 exd4 12. Nxd4 Nxd4 13. cxd4 O-O-O 14. Nc3 Bf6 15. Be3 Ne7 16. b4 Kb8 17. a4 Nc6 18. Nd5 Qf7 19. Nxf6 gxf6 20. Reb1 Ne7 21. b5 a5 22. b6 Nd5 23. bxc7+ Qxc7 24. Qf5 Nxe3 25. fxe3 Rhg8 26. Qd5 Rc8 27. Ra2 Qe7 28. Kh1 Rg5 29. Qf3 Rc4 30. Rab2 Rg7 31. h3 Rxa4 32. Qc6 Rb4 33. Rxb4 axb4 34. Rxb4 Rg3 35. Rb3 f5 36. Qd5 Rxe3 37. Rxe3 Qxe3 38. Qxd6+ Ka7 39. Qc5+ Ka6 40. Qd6+ b6 41. d5 Qc5 42. Qe6 Qc1+ 43. Kh2 Qf4+ 44. Kg1 Qc1+ 45. Kf2 Qf4+ 46. Kg1 Qc1+ 47. Kf2 Qf4+ 48. Ke2 Qc4+ 49. Kf3 Qf1+ 50. Kg3 f4+ 51. Kh2 f3 52. gxf3 1/2-1/2

[Event "Oberliga Ost A 2023 2024"]
[Site "?"]
[Date "2024.02.25"]
[Round "7.6"]
[Board "4"]
[White "Schunk, Thomas"]
[Black "Pallas, Sebastian"]
[Result "1/2-1/2"]
[WhiteElo "2151"]
[BlackElo "2209"]
[PlyCount "51"]
[EventDate "2023.10.22"]
[EventType "team-tourn"]
[EventCountry "GER"]
[WhiteTeam "Leipzig SG II"]
[BlackTeam "Loeberitz SG"]
[WhiteTeamCountry "GER"]
[BlackTeamCountry "GER"]

1. c4 Nf6 2. Nc3 d5 3. cxd5 Nxd5 4. g3 g6 5. Bg2 Nb6 6. h4 h5 7. d3 Bg7 8. Be3 Nc6 9. Nf3 O-O 10. Ng5 Nd4 11. Bxd4 Qxd4 12. Qb3 c6 13. Rd1 Bg4 14. Rd2 Rad8 15. Be4 Qd6 16. Bf3 Bxf3 17. Nxf3 Nd5 18. Nxd5 cxd5 19. O-O Qa6 20. Rc2 Rd7 21. Rfc1 Bf6 22. Rc7 Rfd8 23. Rxd7 Rxd7 24. Rc2 Kg7 25. d4 Rd6 26. a3 1/2-1/2

[Event "Oberliga Ost A 2023 2024"]
[Site "?"]
[Date "2024.02.25"]
[Round "7.6"]
[Board "5"]
[White "Niegsch, Nicolas"]
[Black "Dietze, Frank"]
[Result "1/2-1/2"]
[WhiteElo "2293"]
[BlackElo "2061"]
[PlyCount "32"]
[EventDate "2023.10.22"]
[EventType "team-tourn"]
[EventCountry "GER"]
[WhiteTeam "Loeberitz SG"]
[BlackTeam "Leipzig SG II"]
[WhiteTeamCountry "GER"]
[BlackTeamCountry "GER"]

1. Nf3 Nf6 2. c4 g6 3. Nc3 Bg7 4. d4 O-O 5. e4 d6 6. Be2 Nbd7 7. Bg5 h6 8. Bh4 e5 9. d5 g5 10. Bg3 Nh5 11. h4 Nxg3 12. fxg3 g4 13. Nd2 h5 14. O-O Nc5 15. Qc2 a5 16. Bd3 c6 1/2-1/2

[Event "Oberliga Ost A 2023 2024"]
[Site "?"]
[Date "2024.02.25"]
[Round "7.6"]
[Board "6"]
[White "Gempe, Thomas"]
[Black "Boehm, Christian"]
[Result "1/2-1/2"]
[WhiteElo "2141"]
[BlackElo "2057"]
[PlyCount "31"]
[EventDate "2023.10.22"]
[EventType "team-tourn"]
[EventCountry "GER"]
[WhiteTeam "Leipzig SG II"]
[BlackTeam "Loeberitz SG"]
[WhiteTeamCountry "GER"]
[BlackTeamCountry "GER"]

1. d4 Nf6 2. c4 g6 3. Nc3 Bg7 4. e4 d6 5. Nf3 O-O 6. Be2 e5 7. O-O Nc6 8. d5 Ne7 9. Ne1 Nd7 10. Be3 f5 11. f3 f4 12. Bf2 g5 13. Rc1 Rf7 14. c5 Nxc5 15. b4 Na6 16. Nb5 1/2-1/2

[Event "Oberliga Ost A 2023 2024"]
[Site "?"]
[Date "2024.02.25"]
[Round "7.6"]
[Board "8"]
[White "Lauckner, Joerg"]
[Black "Schindler, Christian"]
[Result "1/2-1/2"]
[WhiteElo "2057"]
[BlackElo "2142"]
[PlyCount "20"]
[EventDate "2023.10.22"]
[EventType "team-tourn"]
[EventCountry "GER"]
[WhiteTeam "Leipzig SG II"]
[BlackTeam "Loeberitz SG"]
[WhiteTeamCountry "GER"]
[BlackTeamCountry "GER"]

1. c4 Nf6 2. g3 g6 3. Bg2 Bg7 4. Nc3 O-O 5. d4 d6 6. h3 c6 7. e4 e5 8. Nf3 Nbd7 9. O-O Qc7 10. Be3 Re8 1/2-1/2

[Event "Oberliga Ost A 2023 2024"]
[Site "?"]
[Date "2024.03.16"]
[Round "8.1"]
[Board "1"]
[White "Nguyen, Alex Dac Vuong"]
[Black "Lippert, Daniel"]
[Result "1-0"]
[WhiteElo "2381"]
[BlackElo "2081"]
[PlyCount "95"]
[EventDate "2023.10.22"]
[EventType "team-tourn"]
[EventCountry "GER"]
[WhiteTeam "Leipzig SG"]
[BlackTeam "Magdeburg SG Aufbau Elbe II"]
[WhiteTeamCountry "GER"]
[BlackTeamCountry "GER"]

1. e4 c5 2. Nf3 d6 3. d4 cxd4 4. Nxd4 Nf6 5. f3 e5 6. Nb3 d5 7. Bg5 d4 8. c3 Nc6 9. cxd4 Bb4+ 10. Nc3 exd4 11. a3 Be7 12. Nb5 O-O 13. N3xd4 Nxe4 14. Nxc6 Qxd1+ 15. Rxd1 Bxg5 16. Ncxa7 Nc5 17. Rd5 Ne6 18. Bc4 Be3 19. Nxc8 Raxc8 20. b3 Nf4 21. Rd7 Rfd8 22. Rxd8+ Rxd8 23. g3 Ng2+ 24. Kf1 Rd2 25. Be2 h5 26. f4 h4 27. Kxg2 Rxe2+ 28. Kf3 Rb2 29. b4 Rb3 30. Ke4 Bf2 31. gxh4 Rh3 32. Rc1 Rxh4 33. Rc8+ Kh7 34. Rc7 b6 35. Nd6 Bg1 36. Rxf7 Rxh2 37. Nf5 Rg2 38. Rb7 Bh2 39. Nd4 Rg6 40. Nf3 Bg3 41. Ng5+ Kh6 42. Kf3 Bh2 43. Rb8 Kh5 44. Rh8+ Rh6 45. Rxh6+ gxh6 46. Nh3 Kh4 47. Nf2 Bg1 48. a4 1-0

[Event "Oberliga Ost A 2023 2024"]
[Site "?"]
[Date "2024.03.16"]
[Round "8.1"]
[Board "3"]
[White "Haufe, Laurin"]
[Black "Herter, Arne"]
[Result "1-0"]
[WhiteElo "2171"]
[BlackElo "2050"]
[PlyCount "147"]
[EventDate "2023.10.22"]
[EventType "team-tourn"]
[EventCountry "GER"]
[WhiteTeam "Leipzig SG"]
[BlackTeam "Magdeburg SG Aufbau Elbe II"]
[WhiteTeamCountry "GER"]
[BlackTeamCountry "GER"]

1. e4 e5 2. Nf3 Nc6 3. d4 exd4 4. Nxd4 Qf6 5. Nxc6 Bc5 6. Qd2 dxc6 7. Nc3 Bd7 8. Bd3 O-O-O 9. Na4 Bd6 10. Qa5 Qd4 11. Bd2 c5 12. Nc3 a6 13. Nd5 Re8 14. Ne3 Nf6 15. Bc3 Qa4 16. Qxa4 Bxa4 17. Bxf6 gxf6 18. f3 Bf4 19. Kf2 Bc6 20. Rhe1 h5 21. g3 Be5 22. c3 h4 23. Ng2 hxg3+ 24. hxg3 Bd6 25. Rh1 f5 26. Rxh8 Rxh8 27. e5 Bxe5 28. Bxf5+ Kb8 29. Re1 Bd6 30. Be4 Bd7 31. f4 c4 32. Kf3 f5 33. Bd5 Be8 34. Nh4 Bh5+ 35. Kg2 Bg4 36. Bf3 Bc5 37. Bxg4 fxg4 38. Re2 b5 39. Ng6 Rg8 40. Ne5 Bd6 41. Kf2 Bc5+ 42. Ke1 Kc8 43. Rh2 Bd6 44. Rh5 Bxe5 45. Rxe5 Kd7 46. Kf2 Rh8 47. Kg2 Rg8 48. Rg5 Re8 49. Kf2 Rh8 50. Rxg4 Rh2+ 51. Ke3 Rxb2 52. f5 Ke7 53. Re4+ Kf7 54. g4 Rc2 55. Kd4 Rxa2 56. Ke5 Rg2 57. Rd4 Re2+ 58. Kf4 a5 59. g5 a4 60. Rd7+ Re7 61. Rd8 Re1 62. g6+ Kf6 63. Rf8+ Kg7 64. Rf7+ Kg8 65. Rxc7 a3 66. f6 Rf1+ 67. Ke5 Re1+ 68. Kd4 Rd1+ 69. Kc5 Rd8 70. Rg7+ Kf8 71. Rh7 Ke8 72. Rh8+ Kd7 73. Rxd8+ Kxd8 74. g7 1-0

[Event "Oberliga Ost A 2023 2024"]
[Site "?"]
[Date "2024.03.16"]
[Round "8.1"]
[Board "4"]
[White "Udelnov, Valentin"]
[Black "Richter, Leonard"]
[Result "0-1"]
[WhiteElo "2061"]
[BlackElo "2261"]
[PlyCount "56"]
[EventDate "2023.10.22"]
[EventType "team-tourn"]
[EventCountry "GER"]
[WhiteTeam "Magdeburg SG Aufbau Elbe II"]
[BlackTeam "Leipzig SG"]
[WhiteTeamCountry "GER"]
[BlackTeamCountry "GER"]

1. e4 c5 2. Nf3 d6 3. d4 cxd4 4. Nxd4 Nf6 5. Nc3 Nc6 6. Bg5 Bd7 7. Nxc6 bxc6 8. Bc4 Qa5 9. Bxf6 gxf6 10. O-O Rb8 11. Rb1 e6 12. Qd3 Be7 13. a3 O-O 14. b4 Qc7 15. f4 Kh8 16. Rbd1 a5 17. Rf3 Rg8 18. f5 axb4 19. axb4 d5 20. Bb3 Rxb4 21. Rh3 Qb6+ 22. Kh1 Qf2 23. Rg3 Rxg3 24. hxg3 Bd6 25. Na2 Rxe4 26. Rf1 Qxg3 27. Qxg3 Bxg3 28. fxe6 fxe6 0-1

[Event "Oberliga Ost A 2023 2024"]
[Site "?"]
[Date "2024.03.16"]
[Round "8.1"]
[Board "5"]
[White "Roesemann, Rainer"]
[Black "von Angern, Cedric"]
[Result "1-0"]
[WhiteElo "2244"]
[BlackElo "1944"]
[PlyCount "81"]
[EventDate "2023.10.22"]
[EventType "team-tourn"]
[EventCountry "GER"]
[WhiteTeam "Leipzig SG"]
[BlackTeam "Magdeburg SG Aufbau Elbe II"]
[WhiteTeamCountry "GER"]
[BlackTeamCountry "GER"]

1. c4 e5 2. g3 g6 3. Bg2 Bg7 4. Nc3 f5 5. d3 Nf6 6. e4 fxe4 7. dxe4 O-O 8. Nge2 d6 9. O-O Be6 10. b3 Qd7 11. f3 Nc6 12. Be3 Rad8 13. Qd2 Rf7 14. Rac1 a6 15. Nd5 Ne7 16. Qa5 c5 17. Nxe7+ Rxe7 18. Rcd1 Qc7 19. Qxc7 Rxc7 20. Rd2 b5 21. cxb5 axb5 22. Nc3 b4 23. Na4 Rcc8 24. Rfd1 c4 25. Nb6 Rc6 26. bxc4 Bf8 27. Bf1 Kf7 28. c5 Rb8 29. Nc4 Bxc4 30. Bxc4+ Kg7 31. g4 h6 32. h4 dxc5 33. g5 hxg5 34. hxg5 Ng8 35. Rd7+ Ne7 36. R1d5 Rbc8 37. Rxe5 R8c7 38. Rxc7 Rxc7 39. Bxc5 Nc8 40. Bxf8+ Kxf8 41. Bb3 1-0

[Event "Oberliga Ost A 2023 2024"]
[Site "?"]
[Date "2024.03.16"]
[Round "8.1"]
[Board "6"]
[White "Noack, Marcel"]
[Black "Kalkhof, Stefan"]
[Result "0-1"]
[WhiteElo "2034"]
[BlackElo "2235"]
[PlyCount "68"]
[EventDate "2023.10.22"]
[EventType "team-tourn"]
[EventCountry "GER"]
[WhiteTeam "Magdeburg SG Aufbau Elbe II"]
[BlackTeam "Leipzig SG"]
[WhiteTeamCountry "GER"]
[BlackTeamCountry "GER"]

1. e4 d6 2. d4 Nf6 3. Nc3 Nbd7 4. f4 c6 5. Nf3 g6 6. e5 Nd5 7. Nxd5 cxd5 8. h4 Bg7 9. h5 Qa5+ 10. c3 e6 11. Bd3 Nb6 12. Qc2 Bd7 13. h6 Bf8 14. Ng5 Bb5 15. Bxb5+ Qxb5 16. a4 Qc6 17. a5 Nd7 18. a6 b5 19. Qe2 Qc4 20. Qg4 dxe5 21. fxe5 Nxe5 22. Qg3 Nd3+ 23. Kd2 Nxc1 24. Raxc1 Be7 25. Nxf7 Kxf7 26. Qe5 Raf8 27. Rce1 Qc8 28. Rhf1+ Ke8 29. Qg7 Qd7 30. Kc2 b4 31. b3 bxc3 32. Rxf8+ Rxf8 33. Qxh7 Rf2+ 34. Kc1 Bg5+ 0-1

[Event "Oberliga Ost A 2023 2024"]
[Site "?"]
[Date "2024.03.16"]
[Round "8.1"]
[Board "7"]
[White "Rausch, Stephan"]
[Black "Willberg, Frank"]
[Result "1-0"]
[WhiteElo "2258"]
[BlackElo "1929"]
[PlyCount "99"]
[EventDate "2023.10.22"]
[EventType "team-tourn"]
[EventCountry "GER"]
[WhiteTeam "Leipzig SG"]
[BlackTeam "Magdeburg SG Aufbau Elbe II"]
[WhiteTeamCountry "GER"]
[BlackTeamCountry "GER"]

1. d4 Nf6 2. Nf3 g6 3. c4 Bg7 4. Nc3 d5 5. e3 O-O 6. Qb3 c6 7. Bd2 Qb6 8. Qxb6 axb6 9. cxd5 Nxd5 10. Nxd5 cxd5 11. Bb5 Bd7 12. Bxd7 Nxd7 13. O-O Rfc8 14. Bc3 Rc6 15. Rfd1 e6 16. Ne1 f5 17. Nd3 Bh6 18. Kf1 Rc4 19. Bd2 Bf8 20. Ke2 Bd6 21. a3 Be7 22. Rdc1 Rac8 23. Kd1 Kf7 24. Rc3 Bd6 25. Rb3 Ra8 26. Rc1 Rac8 27. Rb5 Rxc1+ 28. Bxc1 Rc4 29. Bd2 g5 30. h3 h5 31. f3 Kf6 32. Bc3 Kg6 33. Kd2 Rc6 34. Bb4 Bc7 35. Be7 g4 36. hxg4 fxg4 37. fxg4 hxg4 38. Nb4 Bd6 39. Nxc6 bxc6 40. Rxd5 exd5 41. Bxd6 Kf5 42. a4 c5 43. dxc5 bxc5 44. a5 c4 45. a6 Nb6 46. Bc5 Na8 47. Kc3 Ke4 48. a7 Nc7 49. Kb4 Kd3 50. Ka5 1-0

[Event "Oberliga Ost A 2023 2024"]
[Site "?"]
[Date "2024.03.16"]
[Round "8.1"]
[Board "8"]
[White "Marnyuk, Serhiy"]
[Black "Pietzsch, Manuel"]
[Result "0-1"]
[WhiteElo "1831"]
[BlackElo "2055"]
[PlyCount "88"]
[EventDate "2023.10.22"]
[EventType "team-tourn"]
[EventCountry "GER"]
[WhiteTeam "Magdeburg SG Aufbau Elbe II"]
[BlackTeam "Leipzig SG"]
[WhiteTeamCountry "GER"]
[BlackTeamCountry "GER"]

1. b3 e5 2. Bb2 Nc6 3. e3 g6 4. Nf3 Bg7 5. c4 Nge7 6. Be2 d6 7. a3 a5 8. d3 O-O 9. Nc3 h6 10. Qc2 Be6 11. e4 g5 12. h3 Ng6 13. Nd5 Nd4 14. Qd1 c6 15. Ne3 Nf4 16. Bf1 f5 17. Nxd4 exd4 18. Nc2 fxe4 19. Qd2 c5 20. dxe4 Qb6 21. O-O-O Qxb3 22. Na1 Qa4 23. Qc2 Qxc2+ 24. Nxc2 Ng6 25. f3 Ne5 26. h4 Bf6 27. hxg5 Bxg5+ 28. Kb1 Nxc4 29. Bxc4 Bxc4 30. Bc1 Bxc1 31. Kxc1 Kg7 32. Rh4 b5 33. Rdh1 Rf6 34. Rh5 Re8 35. Kd2 Bf7 36. R5h2 d5 37. exd5 Re5 38. Rb1 b4 39. axb4 axb4 40. Ne1 Rxd5 41. Rh4 Ra6 42. Rb2 c4 43. Rxb4 Ra2+ 44. Kc1 d3 0-1

[Event "Oberliga Ost A 2023 2024"]
[Site "?"]
[Date "2024.03.16"]
[Round "8.2"]
[Board "1"]
[White "Henning, Marvin"]
[Black "Becker, Michael"]
[Result "1/2-1/2"]
[WhiteElo "2099"]
[BlackElo "2258"]
[PlyCount "101"]
[EventDate "2023.10.22"]
[EventType "team-tourn"]
[EventCountry "GER"]
[WhiteTeam "Leipzig SG II"]
[BlackTeam "Dessau SK"]
[WhiteTeamCountry "GER"]
[BlackTeamCountry "GER"]

1. e4 c5 2. Nf3 d6 3. c3 Nf6 4. h3 e6 5. Bd3 Nc6 6. Bc2 Bd7 7. O-O Be7 8. Re1 Rc8 9. d4 cxd4 10. Nxd4 O-O 11. Be3 a6 12. Nd2 b5 13. a4 Ne5 14. axb5 axb5 15. f4 Nc4 16. Nxc4 bxc4 17. Nf3 Rb8 18. Qb1 g6 19. g4 Qc7 20. f5 exf5 21. gxf5 d5 22. e5 Ne4 23. f6 Bc5 24. Bxe4 dxe4 25. Qxe4 Rfe8 26. Qf4 Rxb2 27. Bxc5 Qxc5+ 28. Nd4 h5 29. e6 Qd5 30. Re4 Kh7 31. Rae1 Bxe6 32. Nf3 Qc5+ 33. Rd4 Bd7 34. Rxe8 Bxe8 35. Ng5+ Kg8 36. Ne4 Qa3 37. Rd1 Qa7+ 38. Kf1 Bd7 39. Nf2 Rxf2+ 40. Qxf2 Bxh3+ 41. Kg1 Qxf2+ 42. Kxf2 Kh7 43. Kg3 Be6 44. Kf4 Kh6 45. Rd8 g5+ 46. Ke5 h4 47. Rh8+ Kg6 48. Rg8+ Kh6 49. Rh8+ Kg6 50. Rg8+ Kh6 51. Rh8+ 1/2-1/2

[Event "Oberliga Ost A 2023 2024"]
[Site "?"]
[Date "2024.03.16"]
[Round "8.2"]
[Board "2"]
[White "Matthey, Harald"]
[Black "Schiffer, Stefan"]
[Result "0-1"]
[WhiteElo "2071"]
[BlackElo "2192"]
[PlyCount "120"]
[EventDate "2023.10.22"]
[EventType "team-tourn"]
[EventCountry "GER"]
[WhiteTeam "Dessau SK"]
[BlackTeam "Leipzig SG II"]
[WhiteTeamCountry "GER"]
[BlackTeamCountry "GER"]

1. e4 c5 2. c3 g6 3. d4 cxd4 4. cxd4 d5 5. e5 Nc6 6. h3 Bg7 7. Nc3 a6 8. g4 e6 9. Be3 f6 10. exf6 Nxf6 11. Bg2 O-O 12. Nge2 b5 13. Rc1 Bd7 14. O-O Rc8 15. Nf4 Ne8 16. a4 Qb6 17. axb5 axb5 18. Nce2 Nd6 19. b3 Kh8 20. Qd2 b4 21. Nd3 Rce8 22. Nc5 Bc8 23. Nf4 Nb5 24. Ne2 Rf7 25. Qd3 Rc7 26. Na4 Qb7 27. Rc5 Nba7 28. Rfc1 Rf7 29. R5c2 Qa6 30. Qd2 Qb5 31. Nf4 Na5 32. Bf1 Qb8 33. Nc5 N5c6 34. Ng2 e5 35. dxe5 Nxe5 36. Be2 Rd8 37. Bf4 Qb6 38. Nd3 Nxd3 39. Bxd3 Rdf8 40. Rc7 Be6 41. Rxf7 Rxf7 42. Qe2 Kg8 43. Re1 Bd7 44. Bg3 Nc6 45. Qa2 Qd4 46. Rd1 Be5 47. Be2 Qc5 48. Kh1 Bxg3 49. fxg3 Qf2 50. Rxd5 Nd4 51. Rxd4 Qxd4 52. Bc4 Bc6 53. Bxf7+ Kxf7 54. Kh2 Qe4 55. g5 Ke7 56. Qa7+ Kd6 57. Qb8+ Kc5 58. Qa7+ Kb5 59. Qa4+ Kb6 60. Qa2 Qxg2+ 0-1

[Event "Oberliga Ost A 2023 2024"]
[Site "?"]
[Date "2024.03.16"]
[Round "8.2"]
[Board "3"]
[White "Roemling, Sven"]
[Black "Mirschinka, Dirk"]
[Result "1/2-1/2"]
[WhiteElo "2228"]
[BlackElo "2153"]
[PlyCount "65"]
[EventDate "2023.10.22"]
[EventType "team-tourn"]
[EventCountry "GER"]
[WhiteTeam "Leipzig SG II"]
[BlackTeam "Dessau SK"]
[WhiteTeamCountry "GER"]
[BlackTeamCountry "GER"]

1. c4 Nf6 2. g3 g6 3. Bg2 Bg7 4. Nc3 O-O 5. Nf3 d6 6. O-O Nc6 7. d4 a6 8. b3 Rb8 9. Bb2 b5 10. d5 Na5 11. cxb5 axb5 12. Nd4 b4 13. Na4 e5 14. dxe6 fxe6 15. Rc1 c5 16. Nf3 Qe7 17. Qd3 Bd7 18. Rcd1 Bxa4 19. bxa4 Rfd8 20. Ng5 c4 21. Qc2 c3 22. Bc1 Kh8 23. Rd4 d5 24. Rh4 Kg8 25. Bh3 Rd6 26. Be3 Rc6 27. Rd1 Nc4 28. Bc1 e5 29. Qb3 e4 30. Rxd5 Nxd5 31. Rxe4 Qc5 32. Ne6 Nd2 33. Bxd2 1/2-1/2

[Event "Oberliga Ost A 2023 2024"]
[Site "?"]
[Date "2024.03.16"]
[Round "8.2"]
[Board "4"]
[White "Schubert, Ralf"]
[Black "Schunk, Thomas"]
[Result "1-0"]
[WhiteElo "2084"]
[BlackElo "2162"]
[PlyCount "57"]
[EventDate "2023.10.22"]
[EventType "team-tourn"]
[EventCountry "GER"]
[WhiteTeam "Dessau SK"]
[BlackTeam "Leipzig SG II"]
[WhiteTeamCountry "GER"]
[BlackTeamCountry "GER"]

1. d4 f5 2. Nc3 d5 3. f3 Nf6 4. Bg5 c6 5. Qd2 h6 6. Bh4 Qa5 7. e4 g5 8. e5 Nfd7 9. Bf2 e6 10. h4 Rg8 11. hxg5 hxg5 12. Rh5 Be7 13. Nh3 Qd8 14. g3 Nf8 15. Be3 g4 16. fxg4 fxg4 17. Nf4 Nbd7 18. Qh2 b5 19. Rh6 Nb6 20. Qh5+ Kd7 21. Qf7 Rg5 22. Nxe6 Nxe6 23. Rxe6 Rf5 24. Qxf5 Kc7 25. Rxe7+ Qxe7 26. Qf6 Qh7 27. O-O-O b4 28. Bd3 Qg8 29. Ne2 1-0

[Event "Oberliga Ost A 2023 2024"]
[Site "?"]
[Date "2024.03.16"]
[Round "8.2"]
[Board "5"]
[White "Herrmann, Arthur"]
[Black "Erler, Rainer"]
[Result "0-1"]
[WhiteElo "1947"]
[BlackElo "2132"]
[PlyCount "54"]
[EventDate "2023.10.22"]
[EventType "team-tourn"]
[EventCountry "GER"]
[WhiteTeam "Leipzig SG II"]
[BlackTeam "Dessau SK"]
[WhiteTeamCountry "GER"]
[BlackTeamCountry "GER"]

1. e4 e5 2. Nf3 Nc6 3. Bb5 a6 4. Ba4 Nf6 5. O-O Bc5 6. c3 b5 7. Bb3 d6 8. d4 exd4 9. cxd4 Bb6 10. Be3 O-O 11. Nbd2 Na5 12. Bc2 c5 13. dxc5 Bxc5 14. Bg5 h6 15. Bh4 Re8 16. Rc1 Be6 17. Bb1 Rc8 18. Qe2 Nc4 19. Nb3 Bb6 20. Rfd1 Qe7 21. Nbd4 Bd7 22. b3 Ne5 23. Nf5 Bxf5 24. Bxf6 gxf6 25. Nxe5 Rxc1 26. Rxc1 Qxe5 27. Qh5 Bxe4 0-1